Journal of energy & natural resources law
| Autores Corporativos: | , , , |
|---|---|
| Formato: | Electrónico Revista |
| Lenguaje: | inglés |
| Publicado: |
[London, U.K.] :
Sweet & Maxwell,
1983-
[London, U.K.] : Section on Energy & Natural Resources Law of the International Bar Association in association with Kluwer Law International [London, U.K.] : Section on Energy, Environment, Natural Resources and Infrastructure Law of the International Bar Association [Abingdon, Oxon] : [Taylor & Francis] |
| Materias: | |
| Acceso en línea: | Full text available from Research Library: 11/01/2010 to 11/30/2018 |
MARC
| LEADER | 00000nas a2200000 a 4500 | ||
|---|---|---|---|
| 001 | ssj0031162 | ||
| 003 | WaSeSS | ||
| 005 | 20200512172242.0 | ||
| 006 | m d | ||
| 007 | cr n | ||
| 008 | 040907c19839999enkqr p s g 0 a0eng c | ||
| 010 | |a 2008228685 | ||
| 015 | |a GBB622681 |2 bnb | ||
| 016 | 7 | |a 017715140 |2 Uk | |
| 022 | |a 2376-4538 |y 0264-6811 | ||
| 035 | |a (WaSeSS)ssj0031162 | ||
| 037 | |b Taylor & Francis, 4 Park Square, Milton Park, Abingdon, Oxfordshire, OX14 4RN UK | ||
| 040 | |a GAO |b eng |c GAO |d OCLCQ |d OCLCS |d DOS |d HUA |d OCLCQ |d OCLCF |d YLS |d DLC |d OCLCQ |d DLC |d NLE |d AU@ |d UKMGB |d CNTRU |d VT2 |d UUM |d DLC |d OCL |d WaSeSS | ||
| 042 | |a pcc |a nsdp | ||
| 050 | 0 | 0 | |a K10 |
| 082 | 1 | 0 | |a 342.646705 |2 23 |
| 130 | 0 | |a Journal of energy & natural resources law (Online) | |
| 210 | 0 | |a J. energy nat. resour. law |b (Online) | |
| 222 | 0 | |a Journal of energy & natural resources law |b (Online) | |
| 245 | 1 | 0 | |a Journal of energy & natural resources law |h [electronic resource]. |
| 246 | 1 | 3 | |a Journal of energy and natural resources law |
| 246 | 1 | 3 | |a J. Energy Nat. Resources L. |
| 260 | |3 1983-19-- : |a [London, U.K.] : |b Sweet & Maxwell, |c 1983- | ||
| 260 | 2 | |3 <1996-> : |a [London, U.K.] : |b Section on Energy & Natural Resources Law of the International Bar Association in association with Kluwer Law International | |
| 260 | 2 | |3 <2014-> : |a [London, U.K.] : |b Section on Energy, Environment, Natural Resources and Infrastructure Law of the International Bar Association | |
| 260 | 3 | |3 <Mar. 2015-> : |a [Abingdon, Oxon] : |b [Taylor & Francis] | |
| 310 | |a Quarterly, |b 1984- | ||
| 321 | |a Three no. a year, |b 1983 | ||
| 362 | 1 | |a Began with vol. 1, no. 1 (1983). | |
| 500 | |a Co-sponsored by the Centre for Petroleum and Mineral Law Studies, University of Dundee, 1983-1984 ; Co-sponsored by the Centre for Energy, Petroleum & Mineral Law & Policy, University of Dundee, <1996-1997> | ||
| 506 | |a License restrictions may limit access. | ||
| 538 | |a Mode of access: World Wide Web. | ||
| 588 | |a Description based on first issue; title from caption (Hein Online, viewed June 6, 2008). | ||
| 588 | |a Latest issue consulted: Vol. 34 No. 1 (Feb. 2016) (TandF website, viewed April 18, 2016). | ||
| 650 | 0 | |a Power resources |x Law and legislation |v Periodicals. | |
| 650 | 0 | |a Natural resources |x Law and legislation |v Periodicals. | |
| 650 | 0 | |a Energy policy |v Periodicals. | |
| 650 | 7 | |a Energy policy. |2 fast |0 (OCoLC)fst00910200 | |
| 650 | 7 | |a Natural resources |x Law and legislation. |2 fast |0 (OCoLC)fst01034431 | |
| 650 | 7 | |a Power resources |x Law and legislation. |2 fast |0 (OCoLC)fst01074312 | |
| 655 | 0 | |a Electronic journals. | |
| 710 | 2 | |a University of Dundee. |b Centre for Energy, Petroleum and Mineral Law and Policy. | |
| 710 | 2 | |a University of Dundee. |b Centre for Petroleum and Mineral Law Studies. | |
| 710 | 2 | |a International Bar Association. |b Section on Energy and Natural Resources Law. | |
| 710 | 2 | |a International Bar Association. |b Section on Energy, Environment, Natural Resources and Infrastructure Law. | |
| 776 | 0 | 8 | |i Print version: |t Journal of energy & natural resources law |x 0264-6811 |w (DLC) 85644549 |w (OCoLC)9874604 |
| 850 | |a DLC | ||
| 856 | 4 | 0 | |z Full text available from Research Library: 11/01/2010 to 11/30/2018 |u https://search.proquest.com/publication/386608 |